02004nam a22003134c 4500003000900000008004100009020001800050040003100068041001900099080000800118100003000126245006200156250002200218264004600240300004800286336002700334337003300361338002800394490004300422520093100465521002201396650001901418700003301437700003101470700004501501942001401546999001301560952011701573AR-BaSMT230327t2021 agd|||frib|| 001 0 spa d a9789874180780 aBSGBbespañolcBSGBerda0 aspahespañol a5741 aDadón, José R., 95181 aEcología y ciudad : bEl entorno modelado por el hombre aSegunda edición aBuenos Aires ; bDel Aula Taller, c2021. a62 páginas, Ilustraciones blanco y negro. 2rdacontentatextobtxt 2rdamediaasin mediaciónbn 2rdacarrieravolumenbnc aColección Sociedades y Medioambiente aÍNDICE CAPÍTULO I POR QUÉ LAS CIUDADES Las mayores aglomeraciones urbanas del mundo El atractivo de las ciudades Historia de las ciudades Las ciudades en la antigüedad El origen de la ciudad moderna CAPÍTULO II LA CIUDAD COMO SISTEMA ECOLÓGICO Sistemas naturales y sistemas urbanos Flujo de energía Biodiversidad Tramas tróficas Ciclos de materia Factores de control y sucesión ecológica Del ecosistema a la ciudad Modelos de ciudades Espacios urbanos La periferia de las ciudades CAPÍTULO III ALGUNOS PROBLEMAS AMBIENTALES DE LAS CIUDADES Un enorme consumo de energía El impacto del transporte urbano Contaminación y residuos urbanos Por qué se inunda Buenos Aires Ciudades sostenibles Ciudades compactas, mejores ciudades La importancia de los espacios verdes Mejor transporte público Las condiciones sociales y económicas El futuro de las ciudades EPÍLOGO PARA DOCENTES BIBLIOGRAFÍA aPúblico general 7985aECOLOGÍA1 aAmbas, AlejandroeAutor95171 aBusch, MaríaeAutor95161 aRodríguez, María CeciliaeAutor9519 2ddcaBOOK c691d691 00102ddc40aBSGBbBSGBcCiencias NaturaleseCompra feria del libro 2025i030419l0o574 DADp030419t1yBOOKf